<?xml version="1.0" encoding="UTF-8"?>
<record
    xmlns:xsi="http://www.w3.org/2001/XMLSchema-instance"
    xsi:schemaLocation="http://www.loc.gov/MARC21/slim http://www.loc.gov/standards/marcxml/schema/MARC21slim.xsd"
    xmlns="http://www.loc.gov/MARC21/slim">

  <leader>01207nam a22002057a 4500</leader>
  <controlfield tag="005">20231124115054.0</controlfield>
  <controlfield tag="008">231120b           ||||| |||| 00| 0 eng d</controlfield>
  <datafield tag="020" ind1=" " ind2=" ">
    <subfield code="a">9788123912721</subfield>
  </datafield>
  <datafield tag="040" ind1=" " ind2=" ">
    <subfield code="c">AL</subfield>
  </datafield>
  <datafield tag="041" ind1=" " ind2=" ">
    <subfield code="a">eng</subfield>
  </datafield>
  <datafield tag="082" ind1=" " ind2=" ">
    <subfield code="2">23</subfield>
    <subfield code="a">547.28</subfield>
    <subfield code="b">SIDP</subfield>
  </datafield>
  <datafield tag="100" ind1=" " ind2=" ">
    <subfield code="a">Siddaramaiah</subfield>
    <subfield code="9">142209</subfield>
  </datafield>
  <datafield tag="245" ind1=" " ind2=" ">
    <subfield code="a">Practicals in polymer science</subfield>
    <subfield code="b">: synthesis and qualitative and quantitative analysis of macromolecules</subfield>
  </datafield>
  <datafield tag="260" ind1=" " ind2=" ">
    <subfield code="a">New Delhi</subfield>
    <subfield code="b">CBS Publishers &amp; Distributors</subfield>
    <subfield code="c">2020</subfield>
  </datafield>
  <datafield tag="300" ind1=" " ind2=" ">
    <subfield code="a">xii,281p.</subfield>
    <subfield code="b">PB</subfield>
    <subfield code="c">21.5x14cm.</subfield>
  </datafield>
  <datafield tag="365" ind1=" " ind2=" ">
    <subfield code="2">General</subfield>
    <subfield code="a">ABDI/0722/23</subfield>
    <subfield code="b">&#x20B9;251.25</subfield>
    <subfield code="c">&#x20B9;</subfield>
    <subfield code="d">&#x20B9;335.00</subfield>
    <subfield code="e">25%</subfield>
    <subfield code="f">27-10-2023</subfield>
  </datafield>
  <datafield tag="520" ind1=" " ind2=" ">
    <subfield code="a">Synthesis and Qualitative &amp; Quantitative Analysis of Polymers provides a comprehensive discussion on synthesis analysis and identification of polymers by simple phvsicol and chemical methods. The book is designed to cater to the students of BE BTech MTech BSc and MSc polymer courses as well as to the industrial needs. Graphic representation of the concepts are made wherever necessary and adequate theory is also dealt with. Many tables with properties of monomers polymers solvents and compounding ingredients are also included.</subfield>
  </datafield>
  <datafield tag="650" ind1=" " ind2=" ">
    <subfield code="2">Chemistry</subfield>
    <subfield code="a">Polymer Science</subfield>
    <subfield code="9">142210</subfield>
  </datafield>
  <datafield tag="942" ind1=" " ind2=" ">
    <subfield code="2">ddc</subfield>
    <subfield code="c">BK</subfield>
  </datafield>
  <datafield tag="999" ind1=" " ind2=" ">
    <subfield code="c">229234</subfield>
    <subfield code="d">229234</subfield>
  </datafield>
  <datafield tag="952" ind1=" " ind2=" ">
    <subfield code="0">0</subfield>
    <subfield code="1">0</subfield>
    <subfield code="2">ddc</subfield>
    <subfield code="4">0</subfield>
    <subfield code="7">0</subfield>
    <subfield code="8">AC</subfield>
    <subfield code="a">SACPG</subfield>
    <subfield code="b">SACPG</subfield>
    <subfield code="d">2023-11-17</subfield>
    <subfield code="e">Academic Book Distributors</subfield>
    <subfield code="g">251.25</subfield>
    <subfield code="l">0</subfield>
    <subfield code="o">547.28 SIDP</subfield>
    <subfield code="p">PG024457</subfield>
    <subfield code="r">2023-11-20 00:00:00</subfield>
    <subfield code="v">335.00</subfield>
    <subfield code="w">2023-11-20</subfield>
    <subfield code="y">BK</subfield>
  </datafield>
  <datafield tag="952" ind1=" " ind2=" ">
    <subfield code="0">0</subfield>
    <subfield code="1">0</subfield>
    <subfield code="2">ddc</subfield>
    <subfield code="4">0</subfield>
    <subfield code="7">0</subfield>
    <subfield code="8">AC</subfield>
    <subfield code="a">SACPG</subfield>
    <subfield code="b">SACPG</subfield>
    <subfield code="d">2023-11-17</subfield>
    <subfield code="e">Academic Book Distributors</subfield>
    <subfield code="g">251.25</subfield>
    <subfield code="l">0</subfield>
    <subfield code="o">547.28 SIDP</subfield>
    <subfield code="p">PG024458</subfield>
    <subfield code="r">2023-11-20 00:00:00</subfield>
    <subfield code="v">335.00</subfield>
    <subfield code="w">2023-11-20</subfield>
    <subfield code="y">BK</subfield>
  </datafield>
  <datafield tag="952" ind1=" " ind2=" ">
    <subfield code="0">0</subfield>
    <subfield code="1">0</subfield>
    <subfield code="2">ddc</subfield>
    <subfield code="4">0</subfield>
    <subfield code="7">0</subfield>
    <subfield code="8">AC</subfield>
    <subfield code="a">SACPG</subfield>
    <subfield code="b">SACPG</subfield>
    <subfield code="d">2023-11-17</subfield>
    <subfield code="e">Academic Book Distributors</subfield>
    <subfield code="g">251.25</subfield>
    <subfield code="l">0</subfield>
    <subfield code="o">547.28 SIDP</subfield>
    <subfield code="p">PG024459</subfield>
    <subfield code="r">2023-11-20 00:00:00</subfield>
    <subfield code="v">335.00</subfield>
    <subfield code="w">2023-11-20</subfield>
    <subfield code="y">BK</subfield>
  </datafield>
  <datafield tag="952" ind1=" " ind2=" ">
    <subfield code="0">0</subfield>
    <subfield code="1">0</subfield>
    <subfield code="2">ddc</subfield>
    <subfield code="4">0</subfield>
    <subfield code="7">0</subfield>
    <subfield code="8">AC</subfield>
    <subfield code="a">SACPG</subfield>
    <subfield code="b">SACPG</subfield>
    <subfield code="d">2023-11-17</subfield>
    <subfield code="e">Academic Book Distributors</subfield>
    <subfield code="g">251.25</subfield>
    <subfield code="l">0</subfield>
    <subfield code="o">547.28 SIDP</subfield>
    <subfield code="p">PG024460</subfield>
    <subfield code="r">2023-11-20 00:00:00</subfield>
    <subfield code="v">335.00</subfield>
    <subfield code="w">2023-11-20</subfield>
    <subfield code="y">BK</subfield>
  </datafield>
</record>
